Регионална библиотека "Любен Каравелов" - Русе

Трудовият стаж и правата свързани с него (Запис номер 386324)

MARC детайли
000 -Лидер
Контролно поле с фиксирана дължина nam a22 a 4500
003 - Код на организацията, давaща контролен номер
Контролно поле BLK
005 - Дата и час на последна редакция
Контролно поле 20200828125457.0
008 - Елементи от данни с фиксирана дължина
fixed length control field 200828b bu ||||| |||| 00| 0 bu d
040 ## - Източник на каталожния запис
Идентификатор на билиотеката - собственик на записа BLK
041 ## - Код за език
Код за езика на текст/звукозапис или на отделно заглавие Български
Код за езика КДБФ Български
080 ## - УДК
Текстов определител УДК Трудово право. Вж и 331
УДК код - определител по УДК 349.2
УДК определител (497.2)(02)
УДК - код + определител 349.2(497.2)(02)
100 ## - Редна дума - Автор
R(LIN) 424350
Автор Павлов, Людмил
Авторска отговорност първи автор
139 ## - Редно поле
Редна дума Павлов, Людмил
245 ## - Сведения за заглавието
Заглавие Трудовият стаж и правата свързани с него
Подзаглавни данни Справочник
Редно поле (дума) Людмил Павлов
260 ## - Област на издателските данни
Място на издаване, разпространение и проч. София
Име на издателя, разпространителя и проч. Профиздат
Година на издаване 1984
Печатница (Враца : В. Александров)
300 ## - Физическа характеристика
Страници 120 с.
Размери/Мащаб 17 см
380 ## - Жанр
Жанр Обществени науки
490 ## - СЕРИИ (Колекции)
9 (RLIN) 421045
Име на серия Библиотека Трудово-правни знания
№: серия 1984, 2
500 ## - Общи забележки
Забележка 24 652 тир.
650 #0 - Допълнително описание по предмет – тема
9 (RLIN) 248377
Основно описание – тема или топоним Трудово право - България
852 ## - Местоположение
Форматна сигнатура Цб I 21230
Фондова буква Хранилище
999 ## - СИСТЕМНИ КОНТРОЛНИ НОМЕРА
Koha biblionumber 386324
Koha biblioitemnumber 386324
942 ## - АРТИКУЛИ
Вид на библиотечния материал Книги
Скрит в OPAC Не
Периодичен библиозапис Да
944 ## - СЪЗДАВАНЕ И РЕДАКЦИЯ на ЗАПИСА
Създаване/Редакция Създаване
Дата на регистрацията/редакция 2020-08-28
Служител, извършил регистрацията/редакцията гц
Наличности
Код за отписване Код за изгубен артикул Източник на класификационната схема Код за повреда Коз за рестрикции Код за отдаване Артикулен № Име на библиотеката - собственик Име на библиотеката, в която се намира в момента Статус (Текущо местоположение) Дата на вписване в системата Местоположение - отдел Цена в лева Инвентарен номер Систематично азбучна сигнатура Баркод Цена в евро Служебен тип на артикула
  Не е изгубен Universal Decimal Classification Не е повреден само за читалня ползва се в читалня 795581 Регионална библиотека "Любен Каравелов" Русе Регионална библиотека "Любен Каравелов" Русе Хранилище 2020-08-31 Хранилище 0.35 409874 Цб І 21230 120000409874 0.18 Книги
Vip Innovations Ltd, Rousse, Bulgaria 2025